000 00598nam a2200217Ia 4500
003 GCL
008 140319s9999 xx 000 0 ara d
040 _aGCL /
_cGCL
082 0 4 _a193
_bم ح
100 1 _aمحمود سيد احمد
245 1 0 _aحرية الارادة عند هارتمان /
_cمحمود سيد احمد
300 _a57 ص
490 _a
650 0 4 _aالارادة
650 0 4 _aالحرية
650 0 4 _aالفلاسفة
650 0 4 _aالفلسفة الالمانية
650 0 4 _aالفلسفة - نظريات
650 0 4 _aهارتمان
942 _2ddc
_cBK
999 _c39634
_d39634